000 00831nam a2200205 a 4500
001 000043255
005 20201002040749.0
008 140303s2013 dr a r 000 0 spa d
040 _aDO-SdBNP
_bspa
_cBNPHU
082 _a363.3481
_bG943p
245 0 0 _aGuía práctica para la operación de los comités municipales de prevención, mitigación y respuesta a desastre (CM-PMR) /
_ccoordinadora Ana María Pérez.
260 _aSanto Domingo :
_bDGODT,
_c2013.
300 _a45 p. :
_bil. ;
_c29 cm.
590 _aInventariado, 2018/BT
650 4 _aPrevención de desastres
_936611
650 4 _aDesastres naturales
_xMedidas de seguridad
_936612
700 1 2 _aPérez, Ana María,
_ecoord.
_970859
710 2 _aDirección General de Ordenamiento y Desarrollo Territorial (DGODT)
_970860
910 _aValidado. Control de calidad. EMS
999 _c42744
_d42744